=LDR 00000nam 2200000 4500 =001 INLIS000000000025132 =005 20130612123650 =008 ***********************************Ind** =035 ##$$0010-061300000025132 =041 ##$$a Ind =082 ##$$a 372.7 =090 ##$$a 372.7, Sun m =100 ##$$a Sunarjo, R.J =245 ##$$a Matematika tangkas berhitung 3B, untuk murid SD kelas 3 di susun berdasarkan kurikulum 1994, R.J.Soenarjjo ; Husaen Ahmad =260 ##$$a 1996 $b Jakarta =300 ##$$a x, 102 hlm, ilus., 21 cm =700 ##$$a Ahmad, Husen =850 ##$$a NBPNMAT